[Event "1/64 Finale"]
[Site "www.chess-mail.com"]
[Date "2019.06.02"]
[Round "1"]
[White "Jaroslavpech"]
[Black "Gandalf50"]
[WhiteElo "2490"]
[BlackElo "2170"]
[Result "1-0"]
[Round "1"]
1.e4 c5
2.Ng1f3 d6
3.d4 cxd4
4.Nf3xd4 Ng8f6
5.Nb1c3 Nb8c6
6.Bc1g5 Bc8d7
7.Qd1d2 Ra8c8
8.O-O-O Nc6xd4
9.Qd2xd4 Qd8a5
10.f4 Rc8xc3
11.bxc3 e5
12.Qd4b4 Qa5xb4
13.cxb4 Nf6xe4
14.Bg5h4 g5
15.fxg5 Bf8e7
16.Rd1e1 Ne4xg5
17.Bf1c4 Ng5e6
18.Bh4xe7 Kxe7
19.Rh1f1 f6
20.Bc4d5 Ne6c7
21.Bd5xb7 Rh8b8
22.Bb7f3 Rb8xb4
23.Re1e4 Rb4xe4
24.Bf3xe4 h5
25.Rf1f3 a5
26.Rf3g3 Nc7e6
27.Rg3g8 Ne6c5
28.Be4d5 f5
29.Rg8h8 Bd7e8
30.Rh8h6 f4
31.g3 fxg3
32.hxg3 a4
33.Kd2 Nc5a6
34.a3 Kd7
35.Bd5f3 Na6c5
36.Bf3xh5 Be8xh5
37.Rh6xh5 Nc5e4
38.Kd3 Ne4f2
39.Ke3 Nf2d1
40.Ke4 Nd1c3
41.Kf5 e4
42.Kf4 d5
43.g4 Ke6
44.Rh5e5 Kd6
45.Kf5 Nc3e2
46.Re5e6 Kd7
47.Kf6 Ne2f4
48.Re6e7 Kd6
49.g5 { resign }
1-0

[Event "1/64 Finale"]
[Site "www.chess-mail.com"]
[Date "2019.06.02"]
[Round "1"]
[White "Mitja"]
[Black "Leonger"]
[WhiteElo "1960"]
[BlackElo "2130"]
[Result "0-1"]
[Round "1"]
1.d4 d5
2.e3 Bc8f5
3.c3 Ng8f6
4.h3 Nb8c6
5.Ng1f3 e6
6.Bf1d3 a6
7.Bd3xf5 exf5
8.b3 Bf8e7
9.Bc1b2 O-O
10.O-O Nf6e4
11.Nb1d2 Rf8e8
12.Nd2xe4 fxe4
13.Nf3d2 Be7g5
14.Rf1e1 Re8e6
15.Nd2f1 Re6g6
16.Nf1g3 Bg5e7
17.a4 Be7d6
18.Ng3f5 Qd8g5
19.g4 Qg5xf5
{ resign }
0-1

[Event "1/128 Finale"]
[Site "www.chess-mail.com"]
[Date "2019.06.02"]
[Round "1"]
[White "Bojan"]
[Black "Mitja"]
[WhiteElo "2070"]
[BlackElo "1990"]
[Result "0-1"]
[Round "1"]
1.e4 d5
2.exd5 Qd8xd5
3.Nb1c3 Qd5e5
4.Qd1e2 Qe5xe2
5.Bf1xe2 e6
6.d4 Ng8f6
7.a3 c6
8.Bc1f4 Nf6d5
9.Bf4d2 Bf8e7
10.Nc3e4 h6
11.Be2d3 b6
12.Ng1e2 Bc8b7
13.f3 Nb8d7
14.Ne2g3 O-O-O
15.c4 Nd5f6
16.Bd2f4 Nf6xe4
17.Ng3xe4 Nd7f6
18.Bd3c2 Nf6xe4
19.Bc2xe4 f5
20.Be4c2 Be7f6
21.b3 Bf6xd4
22.Ra1d1 Bd4c3
23.Ke2 c5
24.Rh1f1 Rd8xd1
25.Rf1xd1 Rh8d8
26.Bf4d6 Bc3f6
27.Ke3 Bf6d4
28.Ke2 Rd8xd6
29.b4 g5
30.g3 g4
31.fxg4 fxg4
32.Rd1f1 Bb7f3
33.Kd2 e5
34.Kc1 e4
35.Rf1e1 e3
36.Bc2d3 Kc7
37.Kc2 Rd6e6
38.Bd3f5 Re6e5
39.Bf5d3 e2
40.Kd2 Bd4e3
41.Kc2 Be3f2
{ resign }
0-1

[Event "Tourn. n10081"]
[Site "www.echecsemail.com"]
[Date "2019.06.03"]
[Round "1"]
[White "Cal"]
[Black "Yakke"]
[WhiteElo "1830"]
[BlackElo "1770"]
[Result "0-1"]
[Round "1"]
1.c4 e5
2.e4 Ng8f6
3.d3 Nb8c6
4.a3 h6
5.h3 d6
6.Ng1f3 Bc8e6
7.Nb1c3 a6
8.Bf1e2 Qd8d7
9.O-O O-O-O
10.b4 Nc6d4
11.a4 d5
12.Nf3xe5 Qd7e8
13.Bc1f4 Bf8xb4
14.Nc3b1 dxe4
15.dxe4 Nd4f3
16.Be2xf3 Rd8xd1
17.Rf1xd1 g5
18.Bf4h2 Bb4d6
19.Nb1c3 Bd6xe5
20.Bh2xe5 Qe8e7
21.Bf3e2 Qe7b4
22.Rd1b1 Qb4e7
23.Be5d4 Qe7d8
24.Rb1d1 Rh8e8
25.Bd4a7 Qd8e7
26.Rd1d2 Nf6d7
27.Rd2b2 b6
28.f3 Qe7f6
29.Ra1c1 Nd7c5
30.a5 Nc5a4
31.axb6 Na4xb2
32.c5 Qf6d4
33.Kh1 Qd4xc5
34.Be2xa6 Kd7
35.Nc3e2 Be6c4
36.Rc1c2 Qc5b4
37.Ba6xc4 Nb2xc4
38.Ne2d4 cxb6
39.Nd4f5 Qb4b1
40.Kh2 Qb1xc2
41.Nf5xh6 Nc4e3
42.Nh6xf7 Qc2xg2

0-1

[Event "Tourn. n10134"]
[Site "www.echecsemail.com"]
[Date "2019.06.03"]
[Round "1"]
[White "Luban"]
[Black "Szustan"]
[WhiteElo "2200"]
[BlackElo "2590"]
[Result "0-1"]
[Round "1"]
1.d4 d5
2.Ng1f3 Ng8f6
3.e3 e6
4.c4 Bf8e7
5.Nb1c3 O-O
6.h3 b6
7.Bf1d3 Bc8b7
8.O-O dxc4
9.Bd3xc4 Nb8d7
10.b3 a6
11.Rf1e1 b5
12.Bc4e2 Ra8c8
13.Bc1b2 c5
14.dxc5 Be7xc5
15.Nf3d4 Bc5b4
16.Ra1c1 Qd8a5
17.Qd1d3 Nd7e5
{ resign }
0-1

[Event "Tourn. n10127"]
[Site "www.echecsemail.com"]
[Date "2019.06.03"]
[Round "1"]
[White "Sorim"]
[Black "Luban"]
[WhiteElo "2160"]
[BlackElo "2180"]
[Result "1-0"]
[Round "1"]
1.d4 d5
2.c4 dxc4
3.Ng1f3 e6
4.e3 Ng8f6
5.Bf1xc4 c5
6.O-O Bf8e7
7.dxc5 Qd8xd1
8.Rf1xd1 Be7xc5
9.Nb1c3 a6
10.a3 b5
11.Bc4a2 Bc8b7
12.b4 Bb7xf3
13.gxf3 Bc5e7
14.Bc1b2 Nb8c6
15.Nc3e4 Nf6xe4
16.fxe4 O-O
17.Ra1c1 Ra8c8
18.h3 Rf8d8
19.Rd1xd8 Be7xd8
20.Kh2 Bd8b6
21.Rc1g1 g6
22.h4 h5
23.Bb2f6 Kh7
24.Kg3 Bb6d8
25.e5 Bd8xf6
26.exf6 Nc6e5
27.Rg1d1 Rc8c7
28.Rd1d6 Rc7c6
29.Rd6xc6 Ne5xc6
30.Kf4 Kg8
31.Ba2b1 a5
32.Bb1e4 axb4
33.axb4 Nc6xb4
34.Ke5 Nb4a2
35.Be4c2 Na2c3
36.e4 Kf8
37.f4 Nc3e2
38.f5 exf5
39.exf5 gxf5
40.Bc2xf5 Ne2g3
41.Bf5d3 b4
42.Kf4 Ng3h1
43.Kf3 Ke8
44.Bd3c4 { resign }
1-0

[Event "Tourn. n10149"]
[Site "www.echecsemail.com"]
[Date "2019.06.03"]
[Round "1"]
[White "Bojan"]
[Black "Fantomas"]
[WhiteElo "2050"]
[BlackElo "2230"]
[Result "1-0"]
[Round "1"]
1.e4 e5
2.Ng1f3 Nb8c6
3.c3 Ng8f6
4.d3 d5
5.Qd1c2 dxe4
6.dxe4 a6
7.h3 h6
8.Bc1e3 Bf8d6
9.Nb1d2 Bc8e6
10.b3 O-O
11.Bf1e2 b5
12.a3 Qd8e7
13.b4 Nc6d8
14.Nf3h4 Nd8b7
15.Nh4f5 Be6xf5
16.exf5 Nf6d5
17.Qc2d3 Nd5xe3
18.Qd3xe3 c6
19.Be2f3 Ra8c8
20.Nd2e4 f6
21.O-O c5
22.Ne4xd6 Nb7xd6
23.Bf3d5 Kh8
24.Bd5e6 Rc8c7
25.Rf1d1 Nd6c4
26.Qe3g3 Rf8d8
27.a4 cxb4
28.cxb4 bxa4
29.Rd1xd8 Qe7xd8
30.Qg3f3 Nc4b6
31.Ra1d1 Qd8e7
32.Rd1d3 Qe7e8
33.Qf3d1 Qe8e7
34.Rd3d8 { resign }
1-0

[Event "Tourn. n10085"]
[Site "www.echecsemail.com"]
[Date "2019.06.04"]
[Round "1"]
[White "Andychesston"]
[Black "Fabos12"]
[WhiteElo "1990"]
[BlackElo "1890"]
[Result "0-1"]
[Round "1"]
1.e4 e5
2.Ng1f3 Nb8c6
3.d4 exd4
4.Nf3xd4 Ng8e7
5.b3 Nc6xd4
6.Qd1xd4 Ne7c6
7.Qd4d3 Bf8c5
8.Bc1e3 Qd8e7
9.c3 Bc5xe3
10.Qd3xe3 Nc6e5
11.Nb1d2 b6
12.Bf1e2 Bc8b7
13.f4 Ne5g6
14.O-O O-O-O
15.Be2f3 Ng6h4
16.g3 Nh4xf3
17.Rf1xf3 f5
18.Ra1e1 Rh8e8
19.Qe3f2 fxe4
20.Rf3e3 d5
21.Nd2f3 Qe7c5
22.Nf3d4 g6
23.b4 Qc5c4
24.b5 a6
25.Nd4c6 Bb7xc6
26.bxc6 Re8e6
27.f5 Re6f6
28.Qf2f4 Rd8f8
29.g4 gxf5
30.g5 Rf6xc6
31.Re3h3 Qc4xa2
32.Rh3xh7 Rc6xc3
33.Qf4e5 Qa2d2
34.Re1f1 Qd2xg5
35.Kh1 Rf8g8
36.Rh7xc7 Rc3xc7
37.Qe5e6 Kb7
38.Qe6xd5 Kb8
39.Qd5a2 Rc7d7
40.Qa2f2 Kb7
41.h4 Rd7h7
{ resign }
0-1

[Event "Tourn. n10141"]
[Site "www.echecsemail.com"]
[Date "2019.06.04"]
[Round "1"]
[White "Kevinking"]
[Black "Picifarkinca"]
[WhiteElo "1910"]
[BlackElo "1830"]
[Result "0-1"]
[Round "1"]
1.e4 e6
2.d4 d5
3.e5 c5
4.Ng1f3 Nb8c6
5.c3 Qd8b6
6.a3 c4
7.Bf1e2 Bc8d7
8.O-O Nc6a5
9.Nb1d2 Ra8c8
10.Qd1e1 Ng8e7
11.Be2d1 Na5b3
12.Bd1c2 Nb3xa1
{ resign }
0-1

[Event "Tourn. n10114"]
[Site "www.echecsemail.com"]
[Date "2019.06.04"]
[Round "1"]
[White "Greghghs"]
[Black "Tartan"]
[WhiteElo "2460"]
[BlackElo "2460"]
[Result "0-1"]
[Round "1"]
1.d4 Ng8f6
2.c4 e6
3.Nb1c3 Bf8b4
4.Qd1c2 d5
5.a3 Bb4xc3
6.Qc2xc3 c5
7.cxd5 cxd4
8.Qc3xd4 Nb8c6
9.Qd4h4 Qd8xd5
10.Ng1f3 O-O
11.e3 Rf8d8
 { time }
0-1

[Event "Tourn. n10115"]
[Site "www.echecsemail.com"]
[Date "2019.06.04"]
[Round "1"]
[White "Bojan"]
[Black "Fabos12"]
[WhiteElo "2040"]
[BlackElo "1890"]
[Result "0-1"]
[Round "1"]
1.e4 e5
2.Ng1f3 Nb8c6
3.d4 exd4
4.Nf3xd4 Ng8e7
5.Nb1c3 Nc6xd4
6.Qd1xd4 Ne7c6
7.Qd4e3 b6
8.Bf1d3 Bc8b7
9.f3 Bf8b4
10.Bc1d2 Bb4c5
11.Qe3f4 O-O
12.Qf4g4 Nc6e7
13.Nc3e2 Ne7g6
14.f4 d5
15.exd5 Qd8xd5
16.Rh1g1 Bc5xg1
17.Ne2xg1 Rf8e8
18.Kf1 Ng6h4
19.Ng1f3 Nh4xf3
20.gxf3 f5
21.Qg4g3 Re8e6
22.Kf2 Re6g6
23.Qg3h3 Ra8e8
24.Ra1e1 Re8xe1
25.Bd2xe1 Qd5d4
26.Ke2 Rg6e6
27.Kd2 Qd4e3
28.Kc3 Qe3xe1
29.Kb3 a5
30.a3 Bb7d5
31.c4 Qe1d1
32.Kc3 Qd1c1
33.Kb3 a4
34.Kxa4 Qc1d1
{ resign }
0-1

[Event "Tourn. n10111"]
[Site "www.echecsemail.com"]
[Date "2019.06.04"]
[Round "1"]
[White "Fegatux"]
[Black "Tartan"]
[WhiteElo "2280"]
[BlackElo "2460"]
[Result "0-1"]
[Round "1"]
1.d4 Ng8f6
2.c4 e6
3.g3 d5
4.Bf1g2 c6
5.Ng1f3 Nb8d7
6.O-O Bf8e7
7.Nb1c3 O-O
8.Qd1c2 dxc4
9.a4 c5
10.Bc1g5 cxd4
11.Nf3xd4 h6
12.Bg5c1 Qd8a5
13.Bc1d2 Be7b4
14.Rf1d1 e5
15.Nd4f5 Nd7c5
16.Nf5e7 Kh8
17.Nc3d5 Nf6xd5
18.Ne7xd5 Bb4xd2
19.Qc2xc4 Bc8e6
20.b4 Be6xd5
21.Qc4xd5 Bd2xb4
22.Qd5xe5 Bb4c3
23.Qe5h5 Bc3xa1
24.Rd1xa1 Nc5b3
25.Qh5xa5 Nb3xa5
26.Ra1b1 Rf8d8
27.h3 Rd8d4
28.Rb1a1 Ra8d8
29.Kh2 Rd4b4
30.Ra1c1 Rb4xa4
31.Rc1c7 f6
32.h4 a6
33.Bg2f3 Ra4c4
34.Rc7e7 Kg8
35.Bf3h5 Rc4c5
36.Bh5g6 Rc5e5
{ resign }
0-1

[Event "Tourn. n10096"]
[Site "www.echecsemail.com"]
[Date "2019.06.04"]
[Round "1"]
[White "Bgm9"]
[Black "Gdmayor"]
[WhiteElo "1499"]
[BlackElo "1319"]
[Result "1-0"]
[Round "1"]
1.e4 Ng8f6
2.Nb1c3 c6
3.d4 Qd8a5
4.Bc1d2 Qa5b4
5.Ng1f3 a5
6.Ra1b1 h6
7.e5 Nf6g4
8.h3 Ng4xf2
9.Kxf2 d5
10.Nc3b5 cxb5
11.Bd2xb4 axb4
12.Bf1xb5 Nb8c6
13.Rh1e1 Bc8f5
14.Bb5d3 e6
15.Bd3xf5 exf5
16.Qd1e2 Bf8e7
17.e6 O-O
18.exf7 Rf8xf7
19.Qe2b5 f4
20.Qb5xd5 Ra8a5
21.Qd5c4 g5
22.Re1xe7 Nc6xe7
23.Nf3e5 b5
24.Qc4xf7 Kh8
25.Qf7xe7 Ra5a6
26.Ne5f7 Kg7
27.Nf7e5 Kg8
28.Qe7f7 Kh8
29.Rb1e1 b3
30.Ne5g6 Ra6xg6
31.Re1e8 Rg6g8
32.Re8xg8 
1-0

[Event "Tourn. n10117"]
[Site "www.echecsemail.com"]
[Date "2019.06.04"]
[Round "1"]
[White "Ff333"]
[Black "Sorim"]
[WhiteElo "2050"]
[BlackElo "2130"]
[Result "1/2-1/2"]
[Round "1"]
1.e4 c5
2.Ng1f3 Nb8c6
3.Bf1b5 e6
4.O-O a6
5.Bb5xc6 dxc6
6.Nb1c3 Ng8f6
7.e5 Nf6d5
8.Nc3e4 b5
9.d3 Bf8e7
10.c4 Nd5b6
11.b3 O-O
12.Bc1e3 Nb6d7
13.Qd1c1 Qd8c7
14.Be3f4 Bc8b7
15.Ne4d6 f6
16.Nd6xb7 Qc7xb7
17.Rf1e1 f5
18.Nf3g5 Be7xg5
19.Bf4xg5 h6
20.Bg5e7 Rf8f7
21.Be7d6 Ra8d8
22.Qc1a3 Qb7b6
23.h3 { draw }
1/2-1/2

[Event "Tourn. n10097"]
[Site "www.echecsemail.com"]
[Date "2019.06.05"]
[Round "1"]
[White "Obisporey"]
[Black "Myny2005"]
[WhiteElo "2620"]
[BlackElo "2239"]
[Result "1-0"]
[Round "1"]
1.e4 c5
2.Ng1f3 d6
3.d4 cxd4
4.Nf3xd4 Ng8f6
5.Nb1c3 a6
6.a4 e5
7.Nd4f3 Qd8c7
8.Bc1g5 Nb8d7
9.Nf3d2 h6
10.Bg5h4 g5
11.Bh4g3 Nd7c5
12.h4 g4
13.h5 Bc8e6
14.a5 Qc7c6
15.Qd1e2 Bf8g7
16.f3 Ra8c8
17.Nc3d1 O-O
18.b4 Nc5d7
19.c4 b6
20.Qe2d3 Rc8b8
21.axb6 Rb8xb6
22.Qd3a3 Rf8b8
23.b5 axb5
24.cxb5 Qc6c7
25.Bg3f2 Rb6b7
26.Ra1c1 Qc7d8
27.Qa3xd6 Bg7f8
28.Qd6a6 Nf6h7
29.Bf2e3 Nh7g5
30.Bf1e2 Bf8b4
31.Nd1f2  { time }
1-0

[Event "Tourn. n10143"]
[Site "www.echecsemail.com"]
[Date "2019.06.05"]
[Round "1"]
[White "Apdash"]
[Black "Bojan"]
[WhiteElo "2110"]
[BlackElo "2160"]
[Result "1-0"]
[Round "1"]
1.e4 e5
2.Ng1f3 Nb8c6
3.Bf1b5 Qd8f6
4.O-O Bf8c5
5.Bb5xc6 bxc6
6.c3 d5
7.d4 exd4
8.exd5 cxd5
9.Bc1g5 Qf6g6
10.cxd4 Bc5d6
11.Rf1e1 Ng8e7
12.Qd1e2 Bc8e6
13.Bg5xe7 Bd6xe7
14.Qe2b5 Kf8
15.Nf3e5 Qg6h5
16.Nb1c3 f6
17.Ne5c6 Be7d6
18.g3 Be6h3
19.Qb5xd5 a6
20.Re1e3 Qh5xd5
21.Nc3xd5 Bh3d7
22.Ra1c1 Kf7
23.f4 h5
24.h4 Rh8e8
25.Re3xe8 Ra8xe8
26.Kf2 Ke6
27.Nd5e3 g6
28.d5 Kf7
29.a3 g5
30.fxg5 fxg5
31.hxg5 Kg6
32.Ne3c4 Kxg5
33.Nc4xd6 cxd6
34.Nc6b4 a5
35.Nb4c6 Re8f8
36.Kg2 Rf8f5
37.Rc1d1 h4
38.gxh4 Kxh4
39.Nc6xa5 Bd7a4
40.Rd1d4 Kg5
41.Rd4xa4 Rf5xd5
42.Na5c4 Rd5d4
43.Ra4b4 d5
44.Nc4b6 Rd4d2
45.Kf3 Kf5
46.Ke3 Rd2d1
47.Rb4d4 Rd1b1
48.b4 Rb1b3
49.Rd4d3 Rb3b1
50.Rd3xd5 Ke6
51.Rd5d3 Ke5
52.Rd3d5 Ke6
53.Rd5a5 Kd6
54.Kd4 Rb1c1
55.Nb6c4 Kc6
56.a4 Kb7
57.b5 Rc1c2
58.Kc5 Rc2h2
59.Ra5a6 Rh2h5
60.Kb4 Rh5h4
61.a5 Rh4h5
62.Ra6g6 Rh5h7
63.a6 Ka7
64.Ka5 Rh7e7
65.b6 Kb8
66.Rg6g8 { resign }
1-0

[Event "Tourn. n10134"]
[Site "www.echecsemail.com"]
[Date "2019.06.05"]
[Round "1"]
[White "Yudoka"]
[Black "Luban"]
[WhiteElo "2380"]
[BlackElo "2200"]
[Result "1-0"]
[Round "1"]
1.d4 d5
2.c4 c6
3.Ng1f3 Ng8f6
4.Nb1c3 Bc8g4
5.Nf3e5 e6
6.Bc1g5 Bg4h5
7.g4 Bh5g6
8.h4 h6
9.Bg5f4 Bg6e4
10.f3 Be4h7
11.e3 dxc4
12.Bf1xc4 Nb8d7
13.Qd1b3 Qd8b6
14.Bc4xe6 { resign }
1-0

[Event "Tourn. n10134"]
[Site "www.echecsemail.com"]
[Date "2019.06.05"]
[Round "1"]
[White "Luban"]
[Black "Pdebonis"]
[WhiteElo "2200"]
[BlackElo "2720"]
[Result "0-1"]
[Round "1"]
1.d4 Ng8f6
2.c4 e6
3.e3 d5
4.a3 Bf8e7
5.Ng1f3 O-O
6.Nb1c3 b6
7.Bf1d3 dxc4
8.Bd3xc4 Bc8b7
9.O-O Nb8d7
10.Rf1e1 c5
11.d5 Nf6xd5
12.Nc3xd5 Bb7xd5
13.Bc4xd5 exd5
14.Qd1xd5 Be7f6
15.Ra1b1 Nd7e5
16.Re1d1 Qd8xd5
17.Rd1xd5 Rf8d8
18.Rd5d2 Ne5c4
19.Rd2c2 Rd8d1
{ resign }
0-1

[Event "Tourn. n10106"]
[Site "www.echecsemail.com"]
[Date "2019.06.05"]
[Round "1"]
[White "Fantomas"]
[Black "Orhany24"]
[WhiteElo "2230"]
[BlackElo "2080"]
[Result "1-0"]
[Round "1"]
1.e4 e5
2.Ng1f3 Nb8c6
3.Bf1b5 a6
4.Bb5a4 Ng8f6
5.d3 b5
6.Ba4b3 Bf8e7
7.a3 d5
8.exd5 Nf6xd5
9.h3 O-O
10.O-O h6
11.Rf1e1 Bc8e6
12.Nf3xe5 Nc6xe5
13.Re1xe5 Be7f6
14.Re5e1 c5
15.Nb1d2 Ra8c8
16.Nd2e4 Bf6e7
17.Qd1e2 Rf8e8
18.c4 Nd5f6
19.Re1d1 Qd8c7
20.Qe2c2 Re8d8
21.Bc1e3 Nf6xe4
22.dxe4 Rd8d7
23.Rd1xd7 Qc7xd7
24.cxb5 axb5
25.Bb3xe6 Qd7xe6
26.f3 c4
27.Be3d4 Be7c5
28.Bd4xc5 Rc8xc5
29.Ra1d1 g6
30.Qc2d2 Rc5c8
31.Qd2d5 Qe6b6
32.Qd5d4 Qb6c6
33.Qd4c3 Qc6c5
34.Kh2 Qc5c7
35.Kg1 Qc7c5
36.Kf1 Qc5c7
37.Rd1d5 Rc8b8
38.Qc3b4 Qc7c6
39.a4 Qc6f6
40.Rd5xb5 Rb8xb5
41.axb5 Qf6d4
42.Qb4c3 Qd4d1
43.Kf2 { resign }
1-0

[Event "Tourn. n10094"]
[Site "www.echecsemail.com"]
[Date "2019.06.05"]
[Round "1"]
[White "Chessdna"]
[Black "Passaroa25"]
[WhiteElo "1710"]
[BlackElo "1710"]
[Result "1-0"]
[Round "1"]
1.e4 Nb8c6
2.d4 d6
3.d5 Nc6e5
4.f4 Ne5g6
5.Bf1d3 e5
6.Qd1f3 Ng6h4
7.Qf3g3 Nh4g6
8.Ng1f3 Bc8d7
9.fxe5 dxe5
10.a3 Bf8d6
11.a4 Ng8e7
12.c3 O-O
13.Bc1e3 f6
14.Bd3e2 b6
15.Nb1d2 a5
16.O-O-O Bd7e8
17.h4 Be8f7
18.h5 Ng6h8
19.Be3h6 Bf7g6
20.Bh6xg7 Kxg7
21.hxg6 Nh8xg6
22.Nf3h4 Kf7
23.Nh4xg6 hxg6
24.Rh1h7 Kg8
25.Rd1h1 { resign }
1-0

[Event "Tourn. n10004"]
[Site "www.echecsemail.com"]
[Date "2019.06.05"]
[Round "1"]
[White "Numanoid"]
[Black "Aperturaf"]
[WhiteElo "2620"]
[BlackElo "2700"]
[Result "1/2-1/2"]
[Round "1"]
1.e4 e6
2.d4 d5
3.e5 c5
4.c3 Nb8c6
5.Ng1f3 Qd8b6
6.a3 Ng8h6
7.b4 cxd4
8.cxd4 Nh6f5
9.Bc1b2 Bc8d7
10.g4 Nf5e7
11.Nb1c3 Nc6a5
12.Qd1c2 Na5c4
13.Bf1xc4 dxc4
14.Nf3d2 Qb6c6
15.Nc3e4 c3
16.Qc2xc3 Ne7d5
17.Qc3b3 Bf8e7
18.O-O O-O
19.Ra1c1 Qc6a6
20.Rf1e1 Qa6a4
21.Qb3d3 a5
22.Ne4c5 Qa4c6
23.bxa5 Ra8xa5
24.Nd2e4 Rf8a8
25.Qd3d2 Ra5a7
26.g5 Be7xc5
27.Ne4xc5 Qc6b5
28.f3 Bd7c6
29.Nc5e4 Qb5b3
30.Re1f1 Ra7a5
31.Ne4d6 Ra5a6
32.Rf1f2 Qb3e3
33.Qd2xe3 Nd5xe3
34.Rf2e2 Ra6b6
35.Re2d2 Rb6b3
36.Kf2 Ra8a4
37.Rd2e2 Ne3d5
38.Kg3 Ra4a6
39.Re2c2 g6
40.Rc1e1 Kg7
41.Rc2f2 Nd5e3
42.Kf4 Ne3d5
43.Kg3 Nd5e3
44.Kf4 Ne3f5
45.Nd6e4 Ra6b6
46.Re1e2 h6
47.gxh6 Kxh6
48.Ne4g5 Kg7
49.Ng5e4 Kh6
50.Ne4g5 Rb6a6
51.h4 Kh5
52.Re2d2 Ra6a4
53.Rd2d1 Ra4c4
54.Rd1d2 b5
55.Rf2h2 Rc4a4
56.Rh2e2 Nf5e7
57.Kg3 b4
58.axb4 Ra4xb4
59.Re2f2 Bc6b7
60.Rf2h2 Rb3e3
61.Rh2e2 Re3b3
62.Re2h2 Bb7a8
63.Rh2f2 Ne7f5
64.Kf4 Ba8b7
65.Rf2h2 Nf5e3
66.Rd2e2 Ne3d5
67.Kg3 Nd5e3
68.Kf4 Ne3f5
69.Re2d2 Bb7d5
70.Rh2f2 Bd5c6
{ draw }
1/2-1/2

[Event "Match"]
[Site "www.echecsemail.com"]
[Date "2019.06.05"]
[Round "1"]
[White "Apdash"]
[Black "Liencam2"]
[WhiteElo "2060"]
[BlackElo "2230"]
[Result "1-0"]
[Round "1"]
1.e4 c5
2.Ng1f3 e6
3.d4 cxd4
4.Nf3xd4 a6
5.Nb1c3 b5
6.a3 Qd8c7
7.Bf1e2 Ng8f6
8.O-O Bc8b7
9.f3 Bf8c5
10.Kh1 d5
11.exd5 Nf6xd5
12.Nc3e4 Bc5e7
13.Bc1d2 Nb8d7
14.Ra1c1 Nd7f6
15.c4 bxc4
16.Be2xc4 Qc7b6
17.Qd1a4 Nf6d7
18.Bc4xd5 Bb7xd5
19.Bd2a5 Qb6b7
20.Rc1c7 Bd5xe4
21.Qa4xd7 { resign }
1-0

[Event "Tourn. n10106"]
[Site "www.echecsemail.com"]
[Date "2019.06.05"]
[Round "1"]
[White "Orhany24"]
[Black "Bojan"]
[WhiteElo "2080"]
[BlackElo "2060"]
[Result "1/2-1/2"]
[Round "1"]
1.e4 Nb8c6
2.Ng1f3 d5
3.exd5 Qd8xd5
4.d4 Bc8g4
5.c3 Bg4xf3
6.Qd1xf3 Qd5xf3
7.gxf3 a6
8.Bf1c4 Nc6a5
9.Bc4d3 Ng8f6
10.Bc1g5 h6
11.Bg5h4 Nf6d5
12.Bh4g3 b5
13.Nb1d2 Ra8c8
14.Nd2b3 Na5b7
15.c4 Nd5b4
16.Bd3e4 Nb7d6
17.a3 Nd6xe4
18.axb4 Ne4g5
19.Nb3d2 bxc4
20.f4 Ng5e6
21.Nd2f3 g5
22.f5 Ne6g7
23.Ra1xa6 Ng7xf5
24.O-O Nf5xg3
25.hxg3 Bf8g7
26.Ra6c6 g4
27.Nf3e5 h5
28.Rc6xc4 Rh8h6
29.Rf1c1 Bg7xe5
30.dxe5 Kd7
31.Kg2 Rh6b6
32.f4 c6
33.Rc1d1 Ke6
34.Rd1h1 Rc8h8
35.b3 Kf5
36.Rc4d4 f6
37.exf6 Kxf6
38.Rh1c1 e5
39.fxe5 Kxe5
40.Rd4c4 Kd6
41.Rc1d1 Ke7
42.Rc4e4 Kf7
43.Rd1f1 Kg6
44.Re4e6 Kg7
45.Rf1f6 Rb6xb4
46.Re6xc6 Rb4xb3
47.Rf6g6 Kf7
48.Rg6f6 Kg7
49.Rf6g6 { draw }
1/2-1/2

[Event "1/128 Finale"]
[Site "www.chess-mail.com"]
[Date "2019.06.05"]
[Round "1"]
[White "Esperanza"]
[Black "Picifarkinca"]
[WhiteElo "1850"]
[BlackElo "2020"]
[Result "0-1"]
[Round "1"]
1.e4 e5
2.Ng1f3 Nb8c6
3.Bf1c4 Bf8c5
4.O-O d6
5.d3 h6
6.c3 Ng8f6
7.Bc4b3 O-O
8.Nb1d2 Qd8e7
9.h3 Bc8e6
10.Rf1e1 Be6xb3
11.Qd1xb3 Bc5b6
12.Nd2f1 Nc6a5
13.Qb3d1 Na5c6
14.Nf1g3 Qe7e6
15.Ng3f5 d5
16.Qd1e2 dxe4
17.dxe4 Ra8d8
18.Nf3h4 Nc6e7
19.Qe2f3 Ne7g6
20.Qf3g3 Nf6h5
21.Qg3g4 Nh5f6
22.Qg4f3 Ng6xh4
23.Nf5xh4 Kh7
24.Nh4f5 Rd8d7
25.Qf3g3 Rf8g8
26.Qg3h4 Nf6e8
27.g4 { time. }
0-1

[Event "Tourn. n10098"]
[Site "www.echecsemail.com"]
[Date "2019.06.06"]
[Round "1"]
[White "Francesco"]
[Black "Andychesston"]
[WhiteElo "2080"]
[BlackElo "2000"]
[Result "1-0"]
[Round "1"]
1.e4 e5
2.Ng1f3 Nb8c6
3.Bf1c4 Bf8e7
4.O-O d6
5.d4 Bc8g4
6.dxe5 Nc6xe5
7.Bc4e2 Ng8f6
8.Nf3xe5 Bg4xe2
9.Qd1xe2 dxe5
10.Rf1d1 Qd8c8
11.c4 b6
12.Nb1c3 c6
13.Bc1g5 O-O
14.Rd1d2 Qc8c7
15.Ra1d1 Ra8d8
16.a3 Rd8xd2
17.Rd1xd2 Rf8d8
18.Rd2xd8 Qc7xd8
19.b4 Qd8d4
20.Bg5d2 a5
21.b5 cxb5
22.cxb5 Be7xa3
23.g3 Ba3b4
24.Qe2e1 Nf6xe4
25.Qe1xe4 Qd4xe4
26.Nc3xe4 f5
27.Bd2xb4 fxe4
28.Bb4d6 Kf7
29.Bd6xe5 g6
30.Be5c7 Ke7
31.Bc7xb6 a4
32.Bb6c5 Kd7
33.b6 Kc6
34.Bc5d4 a3
35.Kf1 a2
36.Ke2 a1Q
37.Bd4xa1 Kxb6
38.Ke3 Kc5
39.Kxe4 Kc4
40.f4 Kb3
41.Ke5 Kc2
42.Kf6 Kd3
43.Kg7 { resign }
1-0

[Event "Match"]
[Site "www.echecsemail.com"]
[Date "2019.06.06"]
[Round "1"]
[White "Ssharp"]
[Black "Bojan"]
[WhiteElo "2290"]
[BlackElo "2030"]
[Result "1-0"]
[Round "1"]
1.e4 e5
2.f4 exf4
3.Ng1f3 Nb8c6
4.d4 d5
5.e5 Bc8g4
6.Bf1b5 Ng8e7
7.Bc1xf4 Ne7g6
8.Bb5xc6 bxc6
9.Bf4g3 c5
10.c3 c4
11.O-O Bf8e7
12.Qd1a4 Bg4d7
13.Qa4c2 h6
14.Nb1d2 Ra8b8
15.b4 cxb3
16.axb3 Rb8b7
17.b4 Bd7b5
18.Rf1e1 a6
19.Nd2b3 O-O
20.Nb3a5 Rb7b6
21.Re1e3 Qd8d7
22.Ra1e1 Qd7e6
23.h3 Be7d8
24.Qc2b1 Rb6b8
25.Na5b3 Bd8e7
26.Qb1a1 Rf8e8
27.Qa1a5 Re8c8
28.Nb3c5 Be7xc5
29.dxc5 c6
30.Nf3d4 Qe6e8
31.e6 f6
32.Bg3xb8 Rc8xb8
33.Nd4f5 Ng6f4
34.e7 Nf4xh3
35.Re3xh3 { resign }
1-0

[Event "Match"]
[Site "www.echecsemail.com"]
[Date "2019.06.06"]
[Round "1"]
[White "Hundegana"]
[Black "Yudoka"]
[WhiteElo "1980"]
[BlackElo "1809"]
[Result "0-1"]
[Round "1"]
1.e4 d5
2.e5 Bc8f5
3.d3 h5
4.h3 e6
5.Ng1f3 c5
6.Bf1e2 Nb8c6
7.c3 Qd8b6
8.O-O Ra8c8
9.Qd1b3 Ng8e7
10.Bc1f4 h4
11.Qb3xb6 axb6
12.Nb1d2 Ne7g6
13.Bf4h2 Bf8e7
14.d4 f6
15.Be2b5 Kf7
16.Bb5xc6 bxc6
17.Rf1e1 Rc8a8
18.a3 c4
19.b3 cxb3
20.Nd2xb3 Ra8a4
21.exf6 gxf6
22.Nb3d2 b5
23.Nd2b1 Rh8a8
24.Nf3d2 Be7xa3
25.Nb1xa3 Ra4xa3
26.Ra1xa3 Ra8xa3
27.Re1c1 Ke7
28.g4 hxg3
29.fxg3 Bf5xh3
30.Kf2 Ra3a2
31.Ke3 Bh3g4
32.Bh2g1 e5
33.dxe5 fxe5
34.Kd3 Ke6
35.Bg1e3 Kd6
36.Rc1f1 e4
37.Nd2xe4 dxe4
38.Kxe4 Ke6
39.Be3d4 Ra2e2
40.Kd3 Ng6e5
41.Bd4xe5 Re2xe5
42.Rf1f4 Re5g5
43.Rf4e4 Kd6
44.Re4d4 Rg5d5
45.Ke3 Rd5xd4
46.Kxd4 c5
47.Ke3 b4
48.cxb4 cxb4
49.Kd3 Kc5
50.Kc2 Kc4
51.Kb2 b3
52.Kb1 Kc3
53.Kc1 b2
54.Kb1 Bg4f5
55.Ka2 b1Q
56.Ka3 Qb1a1
{ resign }
0-1

[Event "Tourn. n10145"]
[Site "www.echecsemail.com"]
[Date "2019.06.06"]
[Round "1"]
[White "Dougbeer"]
[Black "Conde7"]
[WhiteElo "2540"]
[BlackElo "2830"]
[Result "0-1"]
[Round "1"]
1.e4 c5
2.d4 cxd4
3.c3 dxc3
4.Nb1xc3 Nb8c6
5.Ng1f3 e6
6.Bf1c4 a6
7.O-O b5
8.Bc4b3 Bc8b7
9.Rf1e1 Bf8c5
10.a4 Ng8e7
11.axb5 axb5
12.Ra1xa8 Bb7xa8
13.Qd1d3 Qd8b6
14.Bc1e3 Bc5xe3
15.Re1xe3 b4
16.Nc3d5 Qb6a7
17.Nd5xe7 Kxe7
18.e5 Qa7c5
19.Bb3a4 Qc5d5
20.Qd3xd5 exd5
21.Ba4b3 Nc6a5
22.Nf3d4 Rh8c8
23.f4 Rc8c1
24.Kf2 Rc1b1
25.Re3e2 g6
26.f5 gxf5
27.Nd4xf5 Kd8
28.Nf5d4 h6
29.Kg3 Ba8c6
30.Kh4 Kc7
31.Re2d2 Na5c4
32.Bb3xc4 dxc4
33.Kh5 Rb1e1
34.Nd4e2 Re1h1
35.h4 Kb6
36.g3 Rh1h2
37.Kxh6 Kc5
{ resign }
0-1

[Event "Tourn. n10137"]
[Site "www.echecsemail.com"]
[Date "2019.06.07"]
[Round "1"]
[White "Francesco"]
[Black "Luban"]
[WhiteElo "2170"]
[BlackElo "2200"]
[Result "1/2-1/2"]
[Round "1"]
1.e4 c6
2.d4 d5
3.Nb1c3 dxe4
4.Nc3xe4 Bc8f5
5.Ne4g3 Bf5g6
6.Bf1d3 Bg6xd3
7.Qd1xd3 e6
8.Ng1f3 Nb8d7
9.O-O Ng8f6
10.Bc1g5 Bf8e7
11.Ra1d1 O-O
12.Rf1e1 Nd7b6
13.b3 Nf6d5
14.Bg5xe7 Nd5xe7
15.c4 Ra8c8
16.Nf3g5 Ne7g6
17.Ng3e4 h6
18.Ng5f3 Rf8e8
19.c5 Nb6d5
20.Ne4d6 Ng6f4
21.Qd3d2 Qd8f6
22.Nd6xc8 Re8xc8
23.Nf3e5 Qf6g5
24.g3 f6
25.Ne5f3 Qg5h5
26.Nf3h4 g5
27.Nh4g2 Nf4h3
28.Kh1 Qh5f3
29.Re1f1 Nd5c3
30.Rd1e1 Nc3e4
31.Re1xe4 Qf3xe4
32.Rf1e1 Qe4f3
33.Re1e2 Kf7
34.Qd2e3 Qf3xe3
35.fxe3 f5
36.Ng2e1 g4
37.Ne1d3 Nh3g5
38.Kg2 Ng5e4
39.Nd3e5 { draw }
1/2-1/2

[Event "Match"]
[Site "www.echecsemail.com"]
[Date "2019.06.07"]
[Round "1"]
[White "Tbsundar"]
[Black "Jesmantiz"]
[WhiteElo "2160"]
[BlackElo "2120"]
[Result "0-1"]
[Round "1"]
1.d4 f5
2.c4 d6
3.Ng1f3 g6
4.e3 Bf8g7
5.Nb1d2 Ng8f6
6.Bf1d3 O-O
7.O-O Qd8e8
8.b3 c6
9.Bc1b2 d5
10.c5 Nb8d7
11.b4 a6
12.Nd2b3 Nf6e4
13.Qd1c2 e6
14.Nf3e5 Nd7xe5
15.dxe5 Ne4g5
16.f4 Ng5e4
17.Nb3d4 Bc8d7
18.a4 Qe8e7
19.a5 h6
20.Bb2c3 g5
21.Nd4e2 h5
22.fxg5 Qe7xg5
23.Ne2f4 Bg7h6
24.Bd3xe4 fxe4
25.Qc2e2 Rf8f5
26.Ra1e1 Kh7
27.Bc3d4 Ra8g8
28.Rf1f2 Qg5h4
29.Kh1 Rg8g4
30.g3 Rg4xg3
31.Nf4g2 Qh4h3
32.Rf2xf5 exf5
33.Kg1 Rg3g4
34.Kh1 f4
35.exf4 Bh6xf4
36.Re1f1 Qh3xh2
{ resign }
0-1